000 01330nam a22003857a 4500
003 CHAP
005 20220329134843.0
008 971013s1980 r 00010 d
010 _a26959
011 _a27931
035 _a32032
040 _cCHAP
082 _a632.7
_bL32Y
100 0 0 _aLabit, Bernard.
_964277
245 _aCómo proteger las plantas de los insectos y otras plagas
260 _aBarcelona :
_bDe Vecchi,
_c1980
300 _a157 p.
_b: Láms. ; ilus.
590 _aBATCH-UPD
_b10
_c20130109
_lUCH01
_h2341
590 _aBATCH-UPD
_b10
_c20130110
_lUCH01
_h0131
590 _aBATCH-UPD
_b10
_c20130110
_lUCH01
_h1745
590 _aBATCH-UPD
_b10
_c20130409
_lUCH01
_h1910
590 _aBATCH-UPD
_b10
_c20130410
_lUCH01
_h1124
590 _aBATCH-UPD
_b10
_c20130914
_lUCH01
_h1118
590 _aCONVERSION
_b10
_c20130109
_lUCH01
_h1315
650 1 4 _aArboles frutales
_xPlagas.
_96683
650 1 4 _aÁrboles
_xPlagas.
_982440
650 1 4 _aCultivos
_xPlagas.
_930305
650 1 4 _aEntomología económica.
_937145
650 1 4 _aFlores
_xPlagas.
_941398
650 1 4 _aLegumbres
_xPlagas.
_965768
901 _aBK
942 _cLIBRO
949 _a632.7 L32Y
_bBC
_cLIBRO
_d-74158
_eLIBRO
_fc.2
_gI.123857
_h63882
_i32032
_si
_t3470.00
949 _a632.7 L32Y
_bBC
_cLIBRO
_d33724000766630
_eLIBRO
_gI.123856
_h63881
_i32032
_sb
_t34.70
999 _c26959
_d26959